000 00457nam a2200181Ia 4500
005 20240610032109.0
008 240331s9999 xx 000 0 und d
020 _a9559621009
082 _bWIC
_a331
100 _aWickremasinghe, Anoja
245 0 _aLand and forestry
_cAnoja Wickramasinghe
260 _aSouth Asia
_bCORRENSA
_c1997
300 _axiii, 189 p .,
650 _aWoman
650 _aDevelopment
650 _aGender priorities
942 _cL
999 _c2349
_d2349